000 003010000a22001330004500
005 20120302062650.0
942 _cBOOK
100 _a
_a
_b
_c
245 _a JULALYA SAGALYA TYA AATHAVANI
260 _aMUMBAI : LALITA PHADKE
300 _a142 P.
040 _aMAR
650 _aSANKIRNA / SUDHIR PHADKE
999 _c357326
_d357323